| 000 | 01971cam a22005534i 4500 | ||
|---|---|---|---|
| 003 | PE-LiUPU | ||
| 005 | 20250731170430.0 | ||
| 008 | 150623s r 000 0 d | ||
| 035 | _a(Sirsi) a25901 | ||
| 040 |
_aPE-LiUPU _bspa _cPE-LiUPU _erda |
||
| 082 | 0 | 4 |
_a170.4 _bW48 _221 |
| 100 | 1 |
_aWestermarck. Edward Alexander, _d1862-, _eautor. |
|
| 245 | 1 | 0 |
_aEthical relativity / _cEdward Alexander Westermarck. |
| 264 | 1 |
_aPaterson, New Jersey : _bLittlefield Adams, _c1960. |
|
| 300 |
_a301 páginas ; _c20 cm. |
||
| 336 |
_atext _2rdacontent |
||
| 337 |
_aunmediated _2rdamedia |
||
| 338 |
_avolume _2rdacarrier |
||
| 504 | _aIncluye bibliografía. | ||
| 505 | 0 | _aThe supposed objectivity of moral judgments. The supposed Objetivity of moral judgments. (Concluded) The moral emotions. The moral emotions (Concluded). The moral concepts. The subjects of moral judgments. The variability of moral judgments. The emotional background of normative theories. The emotional background of normative theories (Concluded). | |
| 526 | _aSEG68 | ||
| 526 | _aSEG70 | ||
| 526 | _aSEG69 | ||
| 526 | _aSEG67 | ||
| 526 | _aSEG43 | ||
| 526 | _aP144 | ||
| 526 | _aP143 | ||
| 526 | _aP131 | ||
| 526 | _aP122 | ||
| 526 | _aP120 | ||
| 526 | _aP117 | ||
| 526 | _aP112 | ||
| 526 | _aP110 | ||
| 526 | _aP106 | ||
| 526 | _aP101 | ||
| 526 | _aP80 | ||
| 526 | _aP59 | ||
| 526 | _aP54 | ||
| 526 | _aP35 | ||
| 526 | _aP33 | ||
| 526 | _aP30 | ||
| 650 | 0 | 4 |
_aJuicio (Ética) _xEnsayos, conferencias, etc. |
| 650 | 0 | 4 |
_aÉtica _xHistoria. |
| 942 |
_2ddc _cBOOK |
||
| 949 |
_a170.4 W48 _wDEWEY _c1 _i51171 _lCCODEBUL1 _mBUL _p7.00 _r0 _sY _tBOOK _u2015-06-24 _xTEOLOGIA _PP35 _0COMPRA _o.STAFF. Colección General |
||
| 596 | _a1 | ||
| 999 |
_a170.4 W48 _wDEWEY _c32874 _i51171 _f2021-11-4 _g5 _lCCODEBUL1 _mBUL _p7.00 _r0 _sY _tBOOK _u2015-6-24 _xBIBLIOTECA _PP35 _0COMPRA _o.STAFF. Colección General _d32874 |
||
| 980 |
_81 _gALBERTO SANCHEZ Responsable de Automatización |
||